<?xml version="1.0" encoding="UTF-8"?>
<record
    xmlns:xsi="http://www.w3.org/2001/XMLSchema-instance"
    xsi:schemaLocation="http://www.loc.gov/MARC21/slim http://www.loc.gov/standards/marcxml/schema/MARC21slim.xsd"
    xmlns="http://www.loc.gov/MARC21/slim">

  <leader>03857nam a2200613 u 4500</leader>
  <controlfield tag="001">590856</controlfield>
  <controlfield tag="003">OSt</controlfield>
  <controlfield tag="005">20260506084344.0</controlfield>
  <controlfield tag="008">000427s2000                        spa  </controlfield>
  <datafield tag="020" ind1=" " ind2=" ">
    <subfield code="a">9589679714</subfield>
  </datafield>
  <datafield tag="035" ind1=" " ind2=" ">
    <subfield code="a">590856</subfield>
  </datafield>
  <datafield tag="035" ind1=" " ind2=" ">
    <subfield code="a">(OCoLC)777771114</subfield>
  </datafield>
  <datafield tag="040" ind1=" " ind2=" ">
    <subfield code="c">comduadb</subfield>
  </datafield>
  <datafield tag="041" ind1=" " ind2=" ">
    <subfield code="a">spa</subfield>
  </datafield>
  <datafield tag="080" ind1=" " ind2=" ">
    <subfield code="a">SF</subfield>
  </datafield>
  <datafield tag="080" ind1=" " ind2=" ">
    <subfield code="a">M/GI</subfield>
  </datafield>
  <datafield tag="080" ind1=" " ind2=" ">
    <subfield code="a">ANTR-ECOL</subfield>
  </datafield>
  <datafield tag="082" ind1=" " ind2="4">
    <subfield code="a">591</subfield>
  </datafield>
  <datafield tag="084" ind1=" " ind2=" ">
    <subfield code="a">CNC-ZOO</subfield>
  </datafield>
  <datafield tag="100" ind1="1" ind2="0">
    <subfield code="a">Turbay Ceballos, Sandra Mar&#xED;a</subfield>
    <subfield code="4">aut</subfield>
    <subfield code="0">(isni)0000 0000 4872 2206</subfield>
    <subfield code="0">(viaf)31684686</subfield>
    <subfield code="e">aut</subfield>
    <subfield code="9">472815</subfield>
  </datafield>
  <datafield tag="245" ind1="1" ind2="3">
    <subfield code="a">La fauna de la depresi&#xF3;n momposina</subfield>
  </datafield>
  <datafield tag="250" ind1=" " ind2=" ">
    <subfield code="a">1. ed. </subfield>
  </datafield>
  <datafield tag="260" ind1=" " ind2=" ">
    <subfield code="a">Medell&#xED;n :</subfield>
    <subfield code="b">Lealon,</subfield>
    <subfield code="c">2000.</subfield>
  </datafield>
  <datafield tag="300" ind1=" " ind2=" ">
    <subfield code="a">102 p&#xE1;ginas. :</subfield>
    <subfield code="b">ilustraciones. :</subfield>
    <subfield code="b">102p. : il.</subfield>
  </datafield>
  <datafield tag="500" ind1=" " ind2=" ">
    <subfield code="a">BR. Don. U.de A. 2000-05-01.</subfield>
  </datafield>
  <datafield tag="505" ind1="0" ind2=" ">
    <subfield code="a">CONTENIDO : -- 1. La depresi&#xF3;n Momposina. -- 2. La importancia de los humedales. -- 3. Cultivo y aprovechamiento de la vida silvestre. -- 4. La pesca a futuro. -- 5. ANIMALES DE LA MONTA&#xD1;A. -- Sa&#xED;no. -- Jaguar o tigre. -- Tigrillo. -- 6. ANIMALES Y P&#xC1;JAROS DEL MONTE. -- Iguana. -- Armadillo. -- Conejo. -- Mono aullador. -- Mico. -- Zorra chucha. -- Canario. -- Mochuelo. -- Pigua. -- Guereguere o garigari. -- B&#xFA;ho o currucut&#xFA;. -- 7. ANIMALES DEL AGUA. -- Bagre pintado. -- Bocachico. -- Coroncoro negro. -- Tortuga de r&#xED;o. -- Babilla. -- Caim&#xE1;n. -- Ponche. -- Manat&#xED;. -- Chavarr&#xED;. -- Patos. -- Pato cucharo. -- Garzas. -- Coyongo. -- 8. ANIMALES DE LA CASA. -- Burro. -- Vaca. -- Gallo. -- 9. OTRAS CATEGOR&#xCD;AS. -- Controladores biol&#xF3;gicos. -- Vectores. -- Plagas. -- Glosario. -- Bibliograf&#xED;a. </subfield>
  </datafield>
  <datafield tag="520" ind1="3" ind2=" ">
    <subfield code="a">RESUMEN  : "Este libro es un material de consulta sobre la fauna de la Depresi&#xF3;n Momposina, haciendo &#xE9;nfasis en aquellas especies m&#xE1;s significativas desde el punto de vista econ&#xF3;mico, ecol&#xF3;gico y social. Adem&#xE1;s, presenta las diferentes especies de animales, incluyendo informaci&#xF3;n sobre sus caracter&#xED;sticas morfol&#xF3;gicas, distribuci&#xF3;n, h&#xE1;bitat, comportamiento, alimentaci&#xF3;n y reproducci&#xF3;n, pero adem&#xE1;s se&#xF1;ala la situaci&#xF3;n de la especie en la zona, su importancia, la tradici&#xF3;n oral ligada a ella, y algunas recomendaciones para evitar su extinci&#xF3;n. Estas especies han sido agrupadas siguiendo la clasificaci&#xF3;n popular, de la fauna en la regi&#xF3;n los animales de monta&#xF1;a, animales del monte, los animales del agua, de la caza, etc."</subfield>
  </datafield>
  <datafield tag="650" ind1=" " ind2=" ">
    <subfield code="a">Fauna - Colombia</subfield>
    <subfield code="9">13024</subfield>
  </datafield>
  <datafield tag="650" ind1=" " ind2=" ">
    <subfield code="a">Vida silvestre</subfield>
    <subfield code="9">19625</subfield>
  </datafield>
  <datafield tag="650" ind1=" " ind2="0">
    <subfield code="a">Animales acu&#xE1;ticos</subfield>
    <subfield code="9">16216</subfield>
  </datafield>
  <datafield tag="650" ind1=" " ind2="7">
    <subfield code="a">Animales dom&#xE9;sticos</subfield>
    <subfield code="2">lemb</subfield>
    <subfield code="9">7410</subfield>
  </datafield>
  <datafield tag="650" ind1=" " ind2="7">
    <subfield code="a">Ecolog&#xED;a animal</subfield>
    <subfield code="2">lemb</subfield>
    <subfield code="9">32955</subfield>
  </datafield>
  <datafield tag="650" ind1=" " ind2=" ">
    <subfield code="a">Fauna silvestre</subfield>
    <subfield code="9">21691</subfield>
  </datafield>
  <datafield tag="650" ind1=" " ind2=" ">
    <subfield code="a">Medio ambiente y sociedad</subfield>
    <subfield code="9">97651</subfield>
  </datafield>
  <datafield tag="650" ind1=" " ind2=" ">
    <subfield code="a">Depresi&#xF3;n Momposina (Colombia)</subfield>
    <subfield code="9">619</subfield>
  </datafield>
  <datafield tag="650" ind1=" " ind2=" ">
    <subfield code="a">Proteccion del medio ambiente - Aspectos socioeconomicos</subfield>
    <subfield code="9">163486</subfield>
  </datafield>
  <datafield tag="650" ind1=" " ind2=" ">
    <subfield code="a">Relaci&#xF3;n entre humanos y el medio ambiente</subfield>
    <subfield code="9">88648</subfield>
  </datafield>
  <datafield tag="650" ind1=" " ind2=" ">
    <subfield code="a">Relaci&#xF3;n entre humanos y animales</subfield>
    <subfield code="9">172842</subfield>
  </datafield>
  <datafield tag="650" ind1=" " ind2=" ">
    <subfield code="a">Antropologia ecologica</subfield>
    <subfield code="9">45460</subfield>
  </datafield>
  <datafield tag="650" ind1=" " ind2="7">
    <subfield code="a">Zoolog&#xED;a</subfield>
    <subfield code="2">lemb</subfield>
    <subfield code="9">1865</subfield>
  </datafield>
  <datafield tag="650" ind1=" " ind2="7">
    <subfield code="a">Vertebrados</subfield>
    <subfield code="2">lemb</subfield>
    <subfield code="9">40549</subfield>
  </datafield>
  <datafield tag="650" ind1=" " ind2=" ">
    <subfield code="a">Vertebrados - Ecolog&#xED;a</subfield>
    <subfield code="9">209992</subfield>
  </datafield>
  <datafield tag="650" ind1=" " ind2=" ">
    <subfield code="a">Vertebrados - Anatom&#xED;a</subfield>
    <subfield code="9">222481</subfield>
  </datafield>
  <datafield tag="650" ind1=" " ind2=" ">
    <subfield code="a">Vertebrados - Fisiolog&#xED;a</subfield>
    <subfield code="9">224618</subfield>
  </datafield>
  <datafield tag="650" ind1=" " ind2=" ">
    <subfield code="a">Vertebrados - Morfolog&#xED;a</subfield>
    <subfield code="9">226240</subfield>
  </datafield>
  <datafield tag="700" ind1="1" ind2="0">
    <subfield code="a">Gomez Alvarez, Gustavo Albeiro</subfield>
    <subfield code="4">aut</subfield>
    <subfield code="e">aut</subfield>
    <subfield code="9">315811</subfield>
  </datafield>
  <datafield tag="700" ind1="1" ind2="0">
    <subfield code="a">L&#xF3;pez Restrepo, Alba Doris</subfield>
    <subfield code="4">aut</subfield>
    <subfield code="e">aut</subfield>
    <subfield code="9">238279</subfield>
  </datafield>
  <datafield tag="700" ind1="1" ind2="0">
    <subfield code="a">Alzate, Claudia</subfield>
    <subfield code="4">aut</subfield>
    <subfield code="e">aut</subfield>
    <subfield code="9">305546</subfield>
  </datafield>
  <datafield tag="700" ind1="1" ind2="0">
    <subfield code="a">Alvarez, Olma Juny</subfield>
    <subfield code="4">aut</subfield>
    <subfield code="e">aut</subfield>
    <subfield code="9">305548</subfield>
  </datafield>
  <datafield tag="710" ind1="2" ind2="0">
    <subfield code="a">Universidad de Antioquia.</subfield>
    <subfield code="b">Facultad de Ciencias Sociales y Humanas</subfield>
    <subfield code="4">aut</subfield>
    <subfield code="e">aut</subfield>
    <subfield code="9">823988</subfield>
  </datafield>
  <datafield tag="710" ind1="2" ind2="0">
    <subfield code="a">Universidad de Antioquia. Facultad de Ciencias Sociales y Humanas. Grupo de Investigaci&#xF3;n Medio Ambiente y Sociedad (MASO)</subfield>
    <subfield code="4">aut</subfield>
    <subfield code="e">aut</subfield>
    <subfield code="9">832329</subfield>
  </datafield>
  <datafield tag="710" ind1="2" ind2="0">
    <subfield code="a">Universidad de Antioquia. Centro de Investigaciones Sociales y Humanas (CISH)</subfield>
    <subfield code="4">aut</subfield>
    <subfield code="e">aut</subfield>
    <subfield code="9">832798</subfield>
  </datafield>
  <datafield tag="942" ind1=" " ind2=" ">
    <subfield code="c">BOOK</subfield>
    <subfield code="2">ddc</subfield>
  </datafield>
  <datafield tag="999" ind1=" " ind2=" ">
    <subfield code="c">146784</subfield>
    <subfield code="d">146784</subfield>
  </datafield>
  <datafield tag="952" ind1=" " ind2=" ">
    <subfield code="0">0</subfield>
    <subfield code="1">0</subfield>
    <subfield code="4">0</subfield>
    <subfield code="7">0</subfield>
    <subfield code="8">SEMIACTIVA</subfield>
    <subfield code="a">BC</subfield>
    <subfield code="b">BC</subfield>
    <subfield code="d">2000-04-27</subfield>
    <subfield code="e">Material adquirido por canje</subfield>
    <subfield code="i">C630525</subfield>
    <subfield code="l">0</subfield>
    <subfield code="o">591.9861 F264</subfield>
    <subfield code="p">61000002087282</subfield>
    <subfield code="r">2025-02-19 14:30:02</subfield>
    <subfield code="t">1</subfield>
    <subfield code="w">2023-04-22</subfield>
    <subfield code="y">BOOK</subfield>
  </datafield>
  <datafield tag="952" ind1=" " ind2=" ">
    <subfield code="0">0</subfield>
    <subfield code="1">0</subfield>
    <subfield code="4">0</subfield>
    <subfield code="7">0</subfield>
    <subfield code="8">GENERAL</subfield>
    <subfield code="a">BR</subfield>
    <subfield code="b">BR</subfield>
    <subfield code="d">2000-06-27</subfield>
    <subfield code="i">C639590</subfield>
    <subfield code="l">0</subfield>
    <subfield code="o">SF459 T8f</subfield>
    <subfield code="p">0569933</subfield>
    <subfield code="r">2023-04-22 00:00:00</subfield>
    <subfield code="t">2</subfield>
    <subfield code="w">2023-04-22</subfield>
    <subfield code="y">BOOK</subfield>
  </datafield>
  <datafield tag="952" ind1=" " ind2=" ">
    <subfield code="0">0</subfield>
    <subfield code="1">0</subfield>
    <subfield code="4">0</subfield>
    <subfield code="7">0</subfield>
    <subfield code="8">GENERAL</subfield>
    <subfield code="a">BR</subfield>
    <subfield code="b">BR</subfield>
    <subfield code="d">2000-08-14</subfield>
    <subfield code="i">C647600</subfield>
    <subfield code="l">0</subfield>
    <subfield code="o">SF459 T8f e2</subfield>
    <subfield code="p">01057977</subfield>
    <subfield code="r">2023-04-22 00:00:00</subfield>
    <subfield code="t">3</subfield>
    <subfield code="w">2023-04-22</subfield>
    <subfield code="y">BOOK</subfield>
  </datafield>
  <datafield tag="952" ind1=" " ind2=" ">
    <subfield code="0">0</subfield>
    <subfield code="1">0</subfield>
    <subfield code="4">0</subfield>
    <subfield code="7">0</subfield>
    <subfield code="8">GICISH</subfield>
    <subfield code="a">CISH</subfield>
    <subfield code="b">CISH</subfield>
    <subfield code="d">2007-04-30</subfield>
    <subfield code="i">C947847</subfield>
    <subfield code="l">0</subfield>
    <subfield code="o">M/GI-00065</subfield>
    <subfield code="p">0621841</subfield>
    <subfield code="r">2023-04-22 00:00:00</subfield>
    <subfield code="t">4</subfield>
    <subfield code="w">2023-04-22</subfield>
    <subfield code="y">BOOK</subfield>
  </datafield>
  <datafield tag="952" ind1=" " ind2=" ">
    <subfield code="0">0</subfield>
    <subfield code="1">0</subfield>
    <subfield code="4">0</subfield>
    <subfield code="7">0</subfield>
    <subfield code="8">GICISH</subfield>
    <subfield code="a">CISH</subfield>
    <subfield code="b">CISH</subfield>
    <subfield code="d">2007-04-30</subfield>
    <subfield code="i">C947848</subfield>
    <subfield code="l">0</subfield>
    <subfield code="o">M/GI-00065 e2</subfield>
    <subfield code="p">0621840</subfield>
    <subfield code="r">2023-04-22 00:00:00</subfield>
    <subfield code="t">5</subfield>
    <subfield code="w">2023-04-22</subfield>
    <subfield code="y">BOOK</subfield>
  </datafield>
  <datafield tag="952" ind1=" " ind2=" ">
    <subfield code="0">0</subfield>
    <subfield code="1">0</subfield>
    <subfield code="4">0</subfield>
    <subfield code="7">0</subfield>
    <subfield code="8">ANTROP</subfield>
    <subfield code="a">MUSEO</subfield>
    <subfield code="b">MUSEO</subfield>
    <subfield code="d">2022-09-07</subfield>
    <subfield code="i">C13326546</subfield>
    <subfield code="l">0</subfield>
    <subfield code="o">ANTR-ECOL/006</subfield>
    <subfield code="p">01060987</subfield>
    <subfield code="r">2023-04-22 00:00:00</subfield>
    <subfield code="t">6</subfield>
    <subfield code="w">2023-04-22</subfield>
    <subfield code="y">BOOKI</subfield>
  </datafield>
  <datafield tag="952" ind1=" " ind2=" ">
    <subfield code="0">0</subfield>
    <subfield code="1">0</subfield>
    <subfield code="4">0</subfield>
    <subfield code="7">0</subfield>
    <subfield code="8">0004</subfield>
    <subfield code="a">MUSEO</subfield>
    <subfield code="b">MUSEO</subfield>
    <subfield code="d">2022-10-10</subfield>
    <subfield code="i">C13327637</subfield>
    <subfield code="l">0</subfield>
    <subfield code="o">CNC-ZOO 018</subfield>
    <subfield code="p">01061029</subfield>
    <subfield code="r">2023-04-22 00:00:00</subfield>
    <subfield code="t">7</subfield>
    <subfield code="w">2023-04-22</subfield>
    <subfield code="y">BOOKI</subfield>
  </datafield>
</record>
